TH-SOF-1251-ANALYSIS AND DESIGN OF RECTANGULSR UNDER MICTROSTRIP PATCH ANTENNAS USING HIGHER OREDER MODES (Record no. 577145)
[ view plain ]
| 000 -LEADER | |
|---|---|
| fixed length control field | 00424nam a22001217a 4500 |
| 082 ## - DEWEY DECIMAL CLASSIFICATION NUMBER | |
| Classification number | 200 THE |
| 100 ## - MAIN ENTRY--PERSONAL NAME | |
| Personal name | Qasim Umar Khan |
| 9 (RLIN) | 70103 |
| 245 ## - TITLE STATEMENT | |
| Title | TH-SOF-1251-ANALYSIS AND DESIGN OF RECTANGULSR UNDER MICTROSTRIP PATCH ANTENNAS USING HIGHER OREDER MODES |
| 260 ## - PUBLICATION, DISTRIBUTION, ETC. | |
| Place of publication, distribution, etc. | Islamabad |
| Name of publisher, distributor, etc. | NUST College of EME |
| Date of publication, distribution, etc. | 2016 |
| 650 ## - SUBJECT ADDED ENTRY--TOPICAL TERM | |
| Topical term or geographic name entry element | PHD ELECTRICAL ENGINEERING PHD |
| 9 (RLIN) | 70104 |
| 700 ## - ADDED ENTRY--PERSONAL NAME | |
| Personal name | Supervisor DR MOJEEB BIN IHSAN |
| 9 (RLIN) | 70105 |
| 942 ## - ADDED ENTRY ELEMENTS (KOHA) | |
| Koha item type | Computer Files |
| Withdrawn status | Lost status | Damaged status | Not for loan | Permanent Location | Current Location | Shelving location | Date acquired | Total Checkouts | Full call number | Barcode | Date last seen | Price effective from | Koha item type |
|---|---|---|---|---|---|---|---|---|---|---|---|---|---|
| College of Electrical & Mechanical Engineering (CEME) | College of Electrical & Mechanical Engineering (CEME) | Reference | 11/20/2019 | 200 THE | TH-SOF-1251 | 06/28/2021 | 06/28/2021 | Computer Files |
